<?xml version="1.0" encoding="UTF-8"?>
<record
    xmlns:xsi="http://www.w3.org/2001/XMLSchema-instance"
    xsi:schemaLocation="http://www.loc.gov/MARC21/slim http://www.loc.gov/standards/marcxml/schema/MARC21slim.xsd"
    xmlns="http://www.loc.gov/MARC21/slim">

  <leader>01987nam a2200265 a 4500</leader>
  <controlfield tag="001">000000454</controlfield>
  <controlfield tag="003">DO-SdBNP</controlfield>
  <controlfield tag="005">20230721121116.0</controlfield>
  <controlfield tag="008">081112s2007    dr   000 0 spa d</controlfield>
  <datafield tag="040" ind1=" " ind2=" ">
    <subfield code="a">DO-SdBNP</subfield>
    <subfield code="b">spa</subfield>
    <subfield code="c">BPMSU</subfield>
  </datafield>
  <datafield tag="082" ind1=" " ind2=" ">
    <subfield code="a">028.907293</subfield>
    <subfield code="b">R426p 2007</subfield>
    <subfield code="2">22</subfield>
  </datafield>
  <datafield tag="110" ind1="2" ind2=" ">
    <subfield code="a">Rep&#xFA;blica Dominicana.</subfield>
    <subfield code="b">Secretar&#xED;a de Estado de Cultura</subfield>
  </datafield>
  <datafield tag="245" ind1="1" ind2="0">
    <subfield code="a">Plan Quinquenal del Libro y la Lectura Rep&#xFA;blica Dominicana 2007-2012 </subfield>
    <subfield code="b"> </subfield>
  </datafield>
  <datafield tag="260" ind1=" " ind2=" ">
    <subfield code="a">Santo Domingo :</subfield>
    <subfield code="b">B&#xFA;ho,</subfield>
    <subfield code="c">2007.</subfield>
  </datafield>
  <datafield tag="300" ind1=" " ind2=" ">
    <subfield code="a">138 p. ;</subfield>
    <subfield code="c">23 cm.</subfield>
  </datafield>
  <datafield tag="490" ind1="0" ind2=" ">
    <subfield code="3">Hacia un pa&#xED;s de lectores </subfield>
  </datafield>
  <datafield tag="500" ind1=" " ind2=" ">
    <subfield code="3">A&#xF1;o del libro y la lectura. Hacia un pa&#xED;s lectores</subfield>
  </datafield>
  <datafield tag="505" ind1="0" ind2=" ">
    <subfield code="a">Presentaci&#xF3;n -- I. Plan del libro y la lectura -- II.El plan estrat&#xE9;gico -- III. Plan t&#xE1;ctico -- IV. Plan operativo -- V. Operativizaci&#xF3;n de los ejes t&#xE1;cticos y estrat&#xE9;gicos con sus planes y proyectos -- Programas y proyectos del eje No.1 -- Eje estrat&#xE9;gico I -- Programa1: fomento de la lectura -- Programa 2: expansi&#xF3;n y sostenibilidad del rol del sistema nacional de talleres literarios -- Programa 3: realizaci&#xF3;n de ferias internacionales y regionales del libro -- Programa 4: formaci&#xF3;n en valores sobre el libro y la lectura -- Programas y proyectos del eje No. II -- Programa 1: creaci&#xF3;n, habilitaci&#xF3;n y fortalecimiento institucional del Sistema de Bibliotecas P&#xFA;blicas. -- Programas y proyectos del eje No. III -- Programa 1: expansi&#xF3;n y sostenibilidad de un fondo financiero editorial para el desarrollo de la industria del libro f&#xED;sico y virtual en la Rep&#xFA;blica Dominicana -- Programas y proyectos del eje No. IV -- Programa 1: campa&#xF1;a nacional de promoci&#xF3;n del libro y la lectura -- Bibliograf&#xED;a.</subfield>
  </datafield>
  <datafield tag="590" ind1=" " ind2=" ">
    <subfield code="6">Inventariado, 2023/VM</subfield>
  </datafield>
  <datafield tag="650" ind1=" " ind2="4">
    <subfield code="a">Libros y lectura </subfield>
    <subfield code="z">Rep&#xFA;blica Dominicana</subfield>
    <subfield code="y">2007-2012</subfield>
  </datafield>
  <datafield tag="650" ind1=" " ind2="4">
    <subfield code="a"> Promoci&#xF3;n cultural </subfield>
    <subfield code="z">Rep&#xFA;blica Dominicana</subfield>
    <subfield code="y">2007-2012</subfield>
  </datafield>
  <datafield tag="650" ind1=" " ind2="4">
    <subfield code="a">Libros y lectura</subfield>
    <subfield code="x">Pol&#xED;tica gubernamental </subfield>
    <subfield code="z">Rep&#xFA;blica Dominicana </subfield>
  </datafield>
  <datafield tag="910" ind1=" " ind2=" ">
    <subfield code="a">VMateo V. Control de calidad. BPMSU</subfield>
  </datafield>
  <datafield tag="942" ind1=" " ind2=" ">
    <subfield code="2">ddc</subfield>
    <subfield code="c">BK</subfield>
  </datafield>
  <datafield tag="952" ind1=" " ind2=" ">
    <subfield code="0">0</subfield>
    <subfield code="1">0</subfield>
    <subfield code="2">ddc</subfield>
    <subfield code="4">0</subfield>
    <subfield code="7">0</subfield>
    <subfield code="8">CD</subfield>
    <subfield code="a">BPMET</subfield>
    <subfield code="b">BPMET</subfield>
    <subfield code="d">2023-07-21</subfield>
    <subfield code="l">0</subfield>
    <subfield code="o">BPMSU CD 028.907293 R426p 2007</subfield>
    <subfield code="p">BPMSU23070056</subfield>
    <subfield code="r">2023-07-21</subfield>
    <subfield code="w">2023-07-21</subfield>
    <subfield code="y">BK</subfield>
  </datafield>
  <datafield tag="952" ind1=" " ind2=" ">
    <subfield code="0">0</subfield>
    <subfield code="1">0</subfield>
    <subfield code="2">ddc</subfield>
    <subfield code="4">0</subfield>
    <subfield code="7">0</subfield>
    <subfield code="8">CD</subfield>
    <subfield code="a">BPMET</subfield>
    <subfield code="b">BPMET</subfield>
    <subfield code="d">2023-07-21</subfield>
    <subfield code="l">0</subfield>
    <subfield code="o">BPMSU CD 028.907293 R426p 2007</subfield>
    <subfield code="p">BPMSU23070057</subfield>
    <subfield code="r">2023-07-21</subfield>
    <subfield code="t">e.2</subfield>
    <subfield code="w">2023-07-21</subfield>
    <subfield code="y">BK</subfield>
  </datafield>
  <datafield tag="952" ind1=" " ind2=" ">
    <subfield code="0">0</subfield>
    <subfield code="1">0</subfield>
    <subfield code="2">ddc</subfield>
    <subfield code="4">0</subfield>
    <subfield code="7">0</subfield>
    <subfield code="8">CD</subfield>
    <subfield code="a">BPMET</subfield>
    <subfield code="b">BPMET</subfield>
    <subfield code="d">2023-07-21</subfield>
    <subfield code="l">0</subfield>
    <subfield code="o">BPMSU CD 028.907293 R426p 2007</subfield>
    <subfield code="p">BPMSU23070058</subfield>
    <subfield code="r">2023-07-21</subfield>
    <subfield code="t">e.3</subfield>
    <subfield code="w">2023-07-21</subfield>
    <subfield code="y">BK</subfield>
  </datafield>
  <datafield tag="999" ind1=" " ind2=" ">
    <subfield code="c">14440</subfield>
    <subfield code="d">14440</subfield>
  </datafield>
</record>
